01572pam a22002535i 4500003000400000005001700004008002200021020003800043040000800081082002300089100003800112245014000150264004600290300004700336490002400383521072300407650001901130650003001149650003401179700002501213700002401238700003201262830002401294KPN20260413121028.020260413b 00| 0 my d a9789674499495qpaperbackcRM12.00 cKPN04aBM FK AMI 20252230 aAmir Hamzah Aziz,d1988-eauthor.10aMisteri lembaga hutan /cAmir Hamzah Aziz ; Editor : Asrul Adli ; Editor Pruf : Najihah Rose ; Illustrator Dalaman : Raby, Zaris Sambal 1aKuala Lumpur :bAna Muslim Sdn Bhd,c2025 a128 pages :bcolour illustrations ;c17 cm1 aSIRI DETEKTIF CILIK aDi tengah-tengah hutan... bayang-bayang hitam bergerak... mengintai Sen keong di celah-celah pohon. Betulkah apa yang dia lihat itu sebenarnya... Lembaga Hutan?! Hakim, Sen Keong dan Muthu tidak henti-henti dihantui oleh pelbagai kejadian aneh sepanjang perkhemahan di Bukit Bongkah, mereka mula mengesyaki bahawa cerita tentang penunggu hutan ini mungkin bukan sekadar mitos... Situasi bertambah cemas... Hakim tiba-tiba hilang! Adakah Hakim dalam bahaya? Mungkinkah ini angkara lembaga hutan itu? Mahu tidak mahu, Sen Keong dan Muthu mesti memberanikan diri dan mula menyiasat keberadaan Hakim! Dapatkan detektif-detektif cilik ini menyingkap misteri lembaga hutan tersebut sebelum kejadian yang lebih buruk berlaku?10aGraphic novels20aComic books, strips, etc.20aDetective and mystery stories0 aAsrul Adli,eeditor.0 aRaby,eillustrator.0 aZaris Sambal,eillustrator. 0aSiri detektif cilik